[Event "5MCR_4D_2L_1S"]
[Site "?"]
[Date "2002.??.??"]
[Round "?"]
[White "Barta, Tomas"]
[Black "Boleslav, Petr"]
[Result "0-1"]
[WhiteElo "1835"]
[BlackElo "1735"]
[PlyCount "62"]
[EventDate "2002.??.??"]
[EventType "corr"]
[SourceDate "2004.??.??"]

1. e4 c5 2. Nf3 d6 3. d4 cxd4 4. Nxd4 Nf6 5. Nc3 a6 6. Bg5 e6 7. f4 Qb6 8. Nb3
Be7 9. Qf3 Nbd7 10. O-O-O Qc7 11. Bd3 b5 12. Rhe1 b4 13. Nd5 exd5 14. exd5 Kf8
15. Nd4 h6 16. Bh4 Nb6 17. Nc6 Bd8 18. f5 Bb7 19. Nxd8 Qxd8 20. Bxf6 Qxf6 21.
Bf1 Rc8 22. Qe4 a5 23. Rd2 Kg8 24. Red1 Kh7 25. Qe3 Rc5 26. Re1 Nxd5 27. Qg3 a4
28. a3 Rb8 29. h3 Bc6 30. h4 bxa3 31. Qxa3 Rb3 0-1

[Event "5MCR_4D_2L_1S"]
[Site "?"]
[Date "2002.??.??"]
[Round "?"]
[White "Barta, Tomas"]
[Black "Kropik, Jan"]
[Result "0-1"]
[WhiteElo "2183"]
[BlackElo "2120"]
[PlyCount "60"]
[EventDate "2002.??.??"]
[EventType "corr"]
[SourceDate "2004.??.??"]

1. e4 c5 2. c3 d5 3. exd5 Qxd5 4. d4 e6 5. Nf3 Nc6 6. Na3 Nf6 7. Be2 Qd8 8. Nc2
Be7 9. O-O O-O 10. dxc5 Bxc5 11. b4 Bd6 12. Bg5 Be7 13. Ne3 Qc7 14. Qc2 Rd8 15.
Rfd1 Bd7 16. Bh4 Ne5 17. Bg3 Nxf3+ 18. Bxf3 Qc8 19. Rd4 Bb5 20. Rad1 Rxd4 21.
Rxd4 Bc6 22. Rc4 Qe8 23. Bxc6 bxc6 24. Rxc6 Qxc6 25. a3 Rc8 26. c4 Nd5 27. c5
Nxe3 28. fxe3 Bxc5 29. bxc5 Qxc5 30. Bb8 Qxe3+ 0-1

[Event "5MCR_4D_2L_1S"]
[Site "?"]
[Date "2002.??.??"]
[Round "?"]
[White "Barta, Tomas"]
[Black "Kuchynka, Lubos"]
[Result "0-1"]
[WhiteElo "1835"]
[BlackElo "2245"]
[PlyCount "52"]
[EventDate "2002.??.??"]
[EventType "corr"]
[SourceDate "2004.??.??"]

1. e4 e5 2. Nf3 Nc6 3. Bb5 a6 4. Ba4 Nf6 5. O-O Be7 6. Re1 b5 7. Bb3 d6 8. c3
O-O 9. h3 Nb8 10. d3 Nbd7 11. Nbd2 c5 12. Nf1 Qc7 13. Qe2 Bb7 14. Ng3 Rfe8 15.
Bd2 d5 16. exd5 Nxd5 17. Nxe5 Bd6 18. Nxd7 Rxe2 19. Rxe2 Qxd7 20. Ne4 Qc6 21.
Rae1 Bc7 22. f3 c4 23. Bc2 cxd3 24. Bxd3 Rd8 25. Bc2 h6 26. Nf6+ Nxf6 0-1

[Event "5MCR_4D_2L_1S"]
[Site "?"]
[Date "2002.??.??"]
[Round "?"]
[White "Barta, Tomas"]
[Black "Slawinski, Petr"]
[Result "1/2-1/2"]
[WhiteElo "1835"]
[BlackElo "2330"]
[PlyCount "83"]
[EventDate "2002.??.??"]
[EventType "corr"]
[SourceDate "2004.??.??"]

1. e4 d6 2. d4 Nf6 3. Nc3 g6 4. f4 Bg7 5. Nf3 O-O 6. Bd3 Nc6 7. O-O e5 8. fxe5
dxe5 9. d5 Nd4 10. Nxe5 Nxd5 11. Nxd5 Bxe5 12. Bf4 Nc6 13. Qd2 Be6 14. Bxe5
Nxe5 15. Nf6+ Kg7 16. Qc3 Qd6 17. Rad1 Rad8 18. Be2 Qb6+ 19. Kh1 Rxd1 20. Nh5+
gxh5 21. Qxe5+ f6 22. Qg3+ Kh8 23. Rxd1 h4 24. Qa3 c5 25. h3 Kg7 26. b3 a6 27.
Qc1 Qc7 28. Qe3 Qe5 29. Bf3 Rf7 30. Qf2 Qg5 31. Rd6 Re7 32. c4 b5 33. Rxa6 bxc4
34. Rc6 cxb3 35. axb3 Bxb3 36. Qxc5 Qe5 37. Qf2 Qg3 38. Qd4 Qe5 39. Qxe5 fxe5
40. Kg1 Bf7 41. Kf2 Re6 42. Rc7 1/2-1/2

[Event "5MCR_4D_2L_1S"]
[Site "?"]
[Date "2002.??.??"]
[Round "?"]
[White "Barta, Tomas"]
[Black "Splichal, Josef"]
[Result "1/2-1/2"]
[WhiteElo "1835"]
[BlackElo "2155"]
[PlyCount "95"]
[EventDate "2002.??.??"]
[EventType "corr"]
[SourceDate "2004.??.??"]

1. e4 e5 2. Nf3 Nc6 3. Bb5 a6 4. Ba4 Nf6 5. O-O Be7 6. Re1 b5 7. Bb3 d6 8. c3
O-O 9. h3 Na5 10. Bc2 c5 11. d4 cxd4 12. cxd4 Bb7 13. Nc3 Rc8 14. Bd3 Nc4 15.
a3 exd4 16. Nxd4 Re8 17. b3 Qa5 18. b4 Qd8 19. Bf4 Nb2 20. Qd2 Nxd3 21. Qxd3
Rc4 22. Rad1 Qc8 23. Rc1 Bf8 24. f3 d5 25. e5 Nd7 26. Qd2 Nb6 27. Nb3 Rc6 28.
Qd3 Nc4 29. Nd4 Rg6 30. h4 Qd7 31. h5 Rb6 32. Nb1 Bc8 33. Nd2 Qd8 34. Re2 Qh4
35. g4 Qd8 36. Qc3 Rb7 37. Kg2 a5 38. N2b3 axb4 39. axb4 Bd7 40. Ra1 h6 41.
Rea2 Bc8 42. Nc5 Bxc5 43. bxc5 b4 44. Qb3 Qe7 45. c6 Rb6 46. Ra7 Qf8 47. R1a4
Nxe5 48. Ra8 1/2-1/2

[Event "5MCR_4D_2L_1S"]
[Site "?"]
[Date "2002.??.??"]
[Round "?"]
[White "Barta, Tomas"]
[Black "Vlcek, Vladimir"]
[Result "1/2-1/2"]
[WhiteElo "1835"]
[BlackElo "2340"]
[PlyCount "77"]
[EventDate "2002.??.??"]
[EventType "corr"]
[SourceDate "2004.??.??"]

1. e4 e5 2. Nf3 Nc6 3. Bb5 a6 4. Ba4 Nf6 5. O-O Nxe4 6. Re1 Nc5 7. Nc3 Be7 8.
Nd5 e4 9. Bxc6 bxc6 10. Nxe7 Qxe7 11. d3 O-O 12. dxe4 Re8 13. Bg5 f6 14. Bf4
Ne6 15. Bg3 Rb8 16. b3 d6 17. Nd4 Nxd4 18. Qxd4 c5 19. Qd2 Bb7 20. f3 Qf7 21.
c4 Re6 22. Rab1 Bc8 23. Rbd1 Re7 24. Qc3 Bb7 25. b4 cxb4 26. Qxb4 Ree8 27. Rb1
Qe7 28. Qa4 a5 29. Rbc1 Qf7 30. c5 d5 31. c6 Ba8 32. Qxa5 dxe4 33. Rxe4 Re6 34.
Rec4 Re7 35. a4 h6 36. Qd2 Rbe8 37. R4c2 Qb3 38. a5 Qb5 39. Rb2 1/2-1/2

[Event "5MCR_4D_2L_1S"]
[Site "?"]
[Date "2002.??.??"]
[Round "?"]
[White "Boleslav, Petr"]
[Black "Doudera, Lubomir"]
[Result "1-0"]
[WhiteElo "1735"]
[BlackElo "2255"]
[PlyCount "75"]
[EventDate "2002.??.??"]
[EventType "corr"]
[SourceDate "2004.??.??"]

1. e4 d5 2. exd5 Qxd5 3. Nc3 Qa5 4. d4 Nf6 5. Nf3 Bg4 6. h3 Bh5 7. g4 Bg6 8. b4
Qb6 9. Bg2 e6 10. a3 a5 11. b5 Nbd7 12. Nh4 Bd6 13. Be3 O-O 14. O-O Nd5 15.
Nxd5 exd5 16. Bxd5 Qxb5 17. c4 Qa6 18. Nxg6 hxg6 19. c5 Be7 20. Rb1 c6 21. Bf3
Rab8 22. Bf4 Rbd8 23. Re1 Bh4 24. Qe2 Qa8 25. Qb2 Nf6 26. Qxb7 Rxd4 27. Qxa8
Rxa8 28. Be3 Rd3 29. Bxc6 Rad8 30. a4 Nd5 31. Bxd5 R3xd5 32. Rb5 Rc8 33. Rxa5
f5 34. Ra7 f4 35. Bxf4 Rdxc5 36. Re2 Bf6 37. Be3 Rc4 38. Ra2 1-0

[Event "5MCR_4D_2L_1S"]
[Site "?"]
[Date "2002.??.??"]
[Round "?"]
[White "Boleslav, Petr"]
[Black "Gubas, Jan"]
[Result "1/2-1/2"]
[WhiteElo "1735"]
[BlackElo "2260"]
[PlyCount "69"]
[EventDate "2002.??.??"]
[EventType "corr"]
[SourceDate "2004.??.??"]

1. e4 e6 2. d4 d5 3. e5 c5 4. Nc3 Nc6 5. Nf3 cxd4 6. Nb5 Bc5 7. a3 a6 8. b4 Bb6
9. Nbxd4 Bxd4 10. Nxd4 Nxe5 11. Bb2 Qf6 12. Rb1 Qg6 13. f4 Nc4 14. Bxc4 dxc4
15. Qe2 Ne7 16. O-O O-O 17. Rf3 Qh6 18. Qxc4 Ng6 19. Qc7 Qh4 20. Qc3 f6 21.
Rbf1 e5 22. fxe5 Nxe5 23. Qb3+ Kh8 24. Rf4 Qh6 25. Ne6 Bxe6 26. Qxe6 Rae8 27.
Qd5 Nc6 28. a4 Qg6 29. b5 Nd8 30. c4 Re6 31. Bd4 Rfe8 32. a5 h6 33. R4f2 Nf7
34. Bc3 Ng5 35. Rb2 1/2-1/2

[Event "5MCR_4D_2L_1S"]
[Site "?"]
[Date "2002.??.??"]
[Round "?"]
[White "Boleslav, Petr"]
[Black "Hrdy, Roman"]
[Result "1-0"]
[WhiteElo "1735"]
[BlackElo "2245"]
[PlyCount "113"]
[EventDate "2002.??.??"]
[EventType "corr"]
[SourceDate "2004.??.??"]

1. e4 c5 2. Nf3 d6 3. d4 cxd4 4. Nxd4 Nf6 5. Nc3 a6 6. Be3 Ng4 7. Bg5 h6 8. Bh4
g5 9. Bg3 Bg7 10. Bc4 Nc6 11. Nxc6 bxc6 12. h4 Qa5 13. Qf3 Rf8 14. Bb3 Ne5 15.
Qe3 Be6 16. hxg5 hxg5 17. O-O-O Bf6 18. f3 Bxb3 19. cxb3 Nd7 20. Kb1 Rb8 21.
Rc1 Rh8 22. Rhd1 Qb4 23. Ne2 Qb6 24. Qd2 g4 25. f4 Qb7 26. Qc2 Rc8 27. Rd2 Rh5
28. Rcd1 Nf8 29. e5 dxe5 30. f5 Bg5 31. Rd3 Bh6 32. Qc4 Rxf5 33. Qxg4 Rg5 34.
Qh4 Rg6 35. Bxe5 Ne6 36. Nd4 Rd8 37. Nf5 Rxd3 38. Rxd3 Bf8 39. Rd2 Nc7 40. a3
Nd5 41. Qh8 Qc8 42. Rf2 Qe6 43. Ka2 Nf6 44. Bxf6 Qxf6 45. Qh3 Qe6 46. Qh2 Qc8
47. Qf4 Qb7 48. Rd2 Qc8 49. Qe5 Re6 50. Ng7+ Bxg7 51. Qxg7 Rd6 52. Qg8+ Kd7 53.
Rxd6+ exd6 54. Qxf7+ Kd8 55. Qf8+ Kc7 56. Qxc8+ Kxc8 57. b4 1-0

[Event "5MCR_4D_2L_1S"]
[Site "?"]
[Date "2002.??.??"]
[Round "?"]
[White "Boleslav, Petr"]
[Black "Paganik, Pavel"]
[Result "1-0"]
[WhiteElo "1735"]
[BlackElo "2015"]
[PlyCount "77"]
[EventDate "2002.??.??"]
[EventType "corr"]
[SourceDate "2004.??.??"]

1. e4 c5 2. Nf3 d6 3. d4 cxd4 4. Nxd4 Nf6 5. Nc3 a6 6. Be3 e5 7. Nb3 Be7 8. Be2
O-O 9. g4 Be6 10. g5 Nfd7 11. Qd2 Nc6 12. O-O-O Rc8 13. Kb1 b5 14. Nd5 Nc5 15.
f3 Nxb3 16. axb3 Bxd5 17. exd5 Nb8 18. f4 exf4 19. Bxf4 Nd7 20. Bg4 a5 21. h4
Ra8 22. Qe2 b4 23. Rhe1 Ne5 24. Bf5 g6 25. Be4 f5 26. Bg2 Rb8 27. Bxe5 dxe5 28.
Qxe5 Bd6 29. Qe6+ Kh8 30. Bf3 Re8 31. Qf7 Rxe1 32. Rxe1 Qf8 33. Qd7 Rd8 34. Qa7
Ra8 35. Qd4+ Qg7 36. Qb6 Bg3 37. Re6 Bxh4 38. d6 Rf8 39. Re7 1-0

[Event "5MCR_4D_2L_1S"]
[Site "?"]
[Date "2002.??.??"]
[Round "?"]
[White "Boleslav, Petr"]
[Black "Pecka, Josef"]
[Result "1-0"]
[WhiteElo "1735"]
[BlackElo "2210"]
[PlyCount "57"]
[EventDate "2002.??.??"]
[EventType "corr"]
[SourceDate "2004.??.??"]

1. e4 e6 2. d4 d5 3. e5 c5 4. Nc3 cxd4 5. Nb5 Nc6 6. Nf3 Bb4+ 7. c3 dxc3 8.
bxc3 Bc5 9. Bd3 Nge7 10. O-O O-O 11. Re1 Ng6 12. Ng5 Qb6 13. Qh5 Bxf2+ 14. Kh1
h6 15. Nxf7 Nce7 16. Nxh6+ gxh6 17. Bxh6 Rf5 18. Bxf5 exf5 19. Reb1 f4 20. Bg5
Bf5 21. Rb3 Qe3 22. Bf6 Be4 23. c4 f3 24. gxf3 Qe2 25. Nd6 dxc4 26. Nxe4 cxb3
27. Ng5 Kf8 28. Bxe7+ Ke8 29. Qxg6+ 1-0

[Event "5MCR_4D_2L_1S"]
[Site "?"]
[Date "2002.??.??"]
[Round "?"]
[White "Boleslav, Petr"]
[Black "Vosahlik, Jiri"]
[Result "1/2-1/2"]
[WhiteElo "1735"]
[BlackElo "2320"]
[PlyCount "80"]
[EventDate "2002.??.??"]
[EventType "corr"]
[SourceDate "2004.??.??"]

1. e4 e6 2. d4 d5 3. e5 c5 4. Nc3 Nc6 5. Nf3 cxd4 6. Nb5 Bc5 7. a3 a6 8. b4 Bb6
9. Nbxd4 Bxd4 10. Nxd4 Nxe5 11. Bb2 f6 12. f4 Nf7 13. Qg4 Ngh6 14. Qxg7 e5 15.
Bd3 Rg8 16. Qxh7 e4 17. f5 exd3 18. O-O-O Kf8 19. Ne6+ Bxe6 20. fxe6 Qc8 21.
Qxd3 Qxe6 22. Qxd5 Qxd5 23. Rxd5 Rxg2 24. Bxf6 Ng4 25. Bd4 Nxh2 26. Re1 b5 27.
Rf5 Rg5 28. Rf6 Ng4 29. Rfe6 Kg8 30. Re8+ Rxe8 31. Rxe8+ Kh7 32. Re7 Ngh6 33.
Kb2 Rg6 34. a4 bxa4 35. Ka3 Rc6 36. Kxa4 Kg6 37. Bc5 Nd8 38. Ra7 Ne6 39. Ka5
Nxc5 40. bxc5 Rxc5+ 1/2-1/2

[Event "5MCR_4D_2L_1S"]
[Site "?"]
[Date "2002.??.??"]
[Round "?"]
[White "Doudera, Lubomir"]
[Black "Barta, Tomas"]
[Result "1/2-1/2"]
[WhiteElo "2255"]
[BlackElo "1835"]
[PlyCount "94"]
[EventDate "2002.??.??"]
[EventType "corr"]
[SourceDate "2004.??.??"]

1. e4 c5 2. c3 d5 3. exd5 Qxd5 4. d4 Nf6 5. Nf3 Bg4 6. Be2 e6 7. h3 Bh5 8. O-O
Nc6 9. Be3 cxd4 10. cxd4 Qa5 11. Nc3 Bb4 12. Qb3 O-O 13. a3 Bxc3 14. bxc3 Nd5
15. Rac1 Qb6 16. Qa2 Qc7 17. Bd2 Rad8 18. Rfe1 a6 19. a4 Rd7 20. Qa3 Rc8 21. c4
Nf6 22. g4 Bg6 23. Be3 h6 24. Qb2 Be4 25. Nd2 Bh7 26. Nb3 a5 27. Nc5 Re7 28.
Nd3 Qd6 29. Ne5 Qb4 30. Nxc6 bxc6 31. Qa2 Qd6 32. Qd2 Qb4 33. Bd1 Rb7 34. Qxb4
axb4 35. Bb3 Nd7 36. f4 Ra8 37. d5 c5 38. Bf2 Ra6 39. Re2 g5 40. dxe6 Rxe6 41.
Rxe6 fxe6 42. fxg5 hxg5 43. Rd1 Kf7 44. Be3 Be4 45. Bxg5 Ne5 46. Be3 Nc6 47.
Rf1+ Kg8 1/2-1/2

[Event "5MCR_4D_2L_1S"]
[Site "?"]
[Date "2002.??.??"]
[Round "?"]
[White "Doudera, Lubomir"]
[Black "Hrdy, Roman"]
[Result "1-0"]
[WhiteElo "2255"]
[BlackElo "2245"]
[PlyCount "75"]
[EventDate "2002.??.??"]
[EventType "corr"]
[SourceDate "2004.??.??"]

1. e4 c5 2. c3 d5 3. exd5 Qxd5 4. d4 e6 5. Nf3 Nf6 6. Be2 Be7 7. O-O O-O 8. c4
Qd8 9. Nc3 cxd4 10. Nxd4 e5 11. Ndb5 Nc6 12. Nd5 Bf5 13. Be3 Nxd5 14. cxd5 Nb4
15. d6 Bf6 16. Qd2 Nc2 17. Rad1 Nxe3 18. fxe3 Bg6 19. Nc7 Rc8 20. Qb4 Bg5 21.
Qc3 e4 22. Qa3 a6 23. Bg4 Rxc7 24. dxc7 Qxc7 25. Qb3 b5 26. Bf5 Bxf5 27. Rxf5
h6 28. Rff1 Qc4 29. Qxc4 bxc4 30. Kf2 Rb8 31. Rd2 Rb4 32. Rc1 Ra4 33. a3 Bf6
34. Rdc2 Ra5 35. g3 g6 36. Rxc4 Bxb2 37. R1c2 Rh5 38. a4 1-0

[Event "5MCR_4D_2L_1S"]
[Site "?"]
[Date "2002.??.??"]
[Round "?"]
[White "Doudera, Lubomir"]
[Black "Kropik, Jan"]
[Result "1-0"]
[WhiteElo "2255"]
[BlackElo "2120"]
[PlyCount "55"]
[EventDate "2002.??.??"]
[EventType "corr"]
[SourceDate "2004.??.??"]

1. e4 c5 2. c3 d5 3. exd5 Qxd5 4. d4 e6 5. Nf3 Nc6 6. Na3 Nf6 7. Nb5 Qd8 8.
dxc5 Bxc5 9. Qxd8+ Kxd8 10. Bf4 Bd7 11. Nd6 Bxd6 12. Bxd6 Ne4 13. Ba3 Kc7 14.
Bd3 Nf6 15. O-O h6 16. Rad1 Rad8 17. Rfe1 Bc8 18. Bb5 Rd5 19. Bxc6 bxc6 20. Ne5
Rhd8 21. Rc1 Rd2 22. Nxf7 Re8 23. Rcd1 Rc2 24. Rd4 Bb7 25. Bd6+ Kb6 26. Rb4+
Ka6 27. Bc5 Nd7 28. Be3 1-0

[Event "5MCR_4D_2L_1S"]
[Site "?"]
[Date "2002.??.??"]
[Round "?"]
[White "Doudera, Lubomir"]
[Black "Slawinski, Petr"]
[Result "1/2-1/2"]
[WhiteElo "2255"]
[BlackElo "2330"]
[PlyCount "56"]
[EventDate "2002.??.??"]
[EventType "corr"]
[SourceDate "2004.??.??"]

1. e4 d6 2. d4 Nf6 3. Nc3 g6 4. Nf3 Bg7 5. Be2 O-O 6. O-O c6 7. a4 b6 8. Bf4
Nbd7 9. Qc1 Qc7 10. Bh6 e5 11. Qg5 Re8 12. dxe5 dxe5 13. Qh4 Nc5 14. Be3 Ne6
15. Rad1 Nf4 16. Bxf4 exf4 17. e5 Ng4 18. Ng5 h6 19. Nxf7 Qxf7 20. Bxg4 Bxg4
21. Qxg4 Bxe5 22. Rd7 Qe6 23. h3 Qxg4 24. hxg4 Kf8 25. Rfd1 Re7 26. R7d3 Rae8
27. Kf1 Bxc3 28. Rxc3 c5 1/2-1/2

[Event "5MCR_4D_2L_1S"]
[Site "?"]
[Date "2002.??.??"]
[Round "?"]
[White "Doudera, Lubomir"]
[Black "Vlcek, Vladimir"]
[Result "1-0"]
[WhiteElo "2255"]
[BlackElo "2340"]
[PlyCount "83"]
[EventDate "2002.??.??"]
[EventType "corr"]
[SourceDate "2004.??.??"]

1. e4 e5 2. Nf3 Nc6 3. Bc4 Bc5 4. c3 Nf6 5. d3 d6 6. O-O O-O 7. Bb3 a6 8. Nbd2
Ba7 9. Nc4 h6 10. Ne3 Be6 11. Bd2 Nd7 12. a4 a5 13. Bd5 Bxd5 14. Nxd5 Ne7 15.
Ne3 c6 16. d4 Nf6 17. Qc2 exd4 18. cxd4 d5 19. e5 Ne4 20. b4 Nxd2 21. Qxd2 axb4
22. Qxb4 b6 23. Rfc1 Bb8 24. h3 Bc7 25. Qd2 Qd7 26. Qc2 Rfc8 27. Qd3 Ra5 28.
Nh4 c5 29. Nef5 Rca8 30. Qf3 Nxf5 31. Nxf5 Qe6 32. Qg4 g5 33. f4 Bd8 34. fxg5
hxg5 35. Rf1 R8a7 36. h4 Qg6 37. hxg5 b5 38. Nh6+ Kg7 39. Rf6 Qe4 40. Nf5+ Kg8
41. Qh5 Bxf6 42. gxf6 1-0

[Event "5MCR_4D_2L_1S"]
[Site "?"]
[Date "2002.??.??"]
[Round "?"]
[White "Doudera, Lubomir"]
[Black "Vosahlik, Jiri"]
[Result "1/2-1/2"]
[WhiteElo "2255"]
[BlackElo "2320"]
[PlyCount "62"]
[EventDate "2002.??.??"]
[EventType "corr"]
[SourceDate "2004.??.??"]

1. e4 e6 2. d4 d5 3. Nc3 Bb4 4. e5 c5 5. a3 Bxc3+ 6. bxc3 Ne7 7. Qg4 O-O 8. Bd3
f5 9. exf6 Rxf6 10. Bg5 Rf7 11. Qh5 g6 12. Qd1 Nbc6 13. Nf3 Qf8 14. O-O c4 15.
Be2 h6 16. Bc1 Bd7 17. a4 Qg7 18. Ba3 g5 19. Bd6 Ng6 20. h3 Rd8 21. a5 Be8 22.
Bg3 Nf4 23. Qd2 Rf6 24. Bxf4 gxf4 25. a6 b6 26. Nh2 Rf8 27. Rfe1 Bg6 28. Bf3
Rd6 29. Ng4 Bh5 30. Qe2 Rf5 31. Kh1 Bf7 1/2-1/2

[Event "5MCR_4D_2L_1S"]
[Site "?"]
[Date "2002.??.??"]
[Round "?"]
[White "Gubas, Jan"]
[Black "Barta, Tomas"]
[Result "1/2-1/2"]
[WhiteElo "2260"]
[BlackElo "1835"]
[PlyCount "138"]
[EventDate "2002.??.??"]
[EventType "corr"]
[SourceDate "2004.??.??"]

1. e4 c5 2. Nf3 Nc6 3. d4 cxd4 4. Nxd4 g6 5. Nc3 Bg7 6. Be3 Nf6 7. Nxc6 bxc6 8.
e5 Ng8 9. f4 f6 10. Bd4 Qa5 11. Qe2 c5 12. exf6 Nxf6 13. Be5 O-O 14. Qb5 Qxb5
15. Nxb5 Ng4 16. Bc4+ Kh8 17. Bxg7+ Kxg7 18. g3 Ne3 19. Bb3 Rb8 20. Nxa7 c4 21.
Kd2 cxb3 22. Kxe3 bxc2 23. Nxc8 Rfxc8 24. b3 Rb5 25. Kd2 Kf6 26. Rae1 Ra5 27.
a4 Rd5+ 28. Kc1 Rd3 29. Re2 Rxb3 30. Rxc2 Rxc2+ 31. Kxc2 Ra3 32. Rd1 Rxa4 33.
Rxd7 Ra2+ 34. Kd3 Rxh2 35. Ke4 g5 36. Rd8 gxf4 37. Kxf4 Rh1 38. Rf8+ Kg7 39.
Re8 Rf1+ 40. Ke5 Re1+ 41. Kf5 Re2 42. g4 Rf2+ 43. Ke5 Kf7 44. Rh8 Re2+ 45. Kf5
Rh2 46. Ke5 Rh1 47. g5 Re1+ 48. Kf5 Kg7 49. Re8 Re2 50. Ra8 Rf2+ 51. Ke6 Rg2
52. Kxe7 Rxg5 53. Ke6 h5 54. Ra7+ Kg6 55. Ra8 h4 56. Rh8 Rh5 57. Rg8+ Kh7 58.
Rg4 h3 59. Kf7 Rf5+ 60. Ke6 Rf3 61. Ke5 Rb3 62. Rh4+ Kg6 63. Rh8 Kg7 64. Rh4
Rb5+ 65. Ke6 Rb6+ 66. Kf5 Rh6 67. Rg4+ Kf7 68. Rg1 h2 69. Rh1 Rh4 1/2-1/2

[Event "5MCR_4D_2L_1S"]
[Site "?"]
[Date "2002.??.??"]
[Round "?"]
[White "Gubas, Jan"]
[Black "Doudera, Lubomir"]
[Result "1-0"]
[WhiteElo "2260"]
[BlackElo "2255"]
[PlyCount "109"]
[EventDate "2002.??.??"]
[EventType "corr"]
[SourceDate "2004.??.??"]

1. e4 d5 2. exd5 Qxd5 3. Nc3 Qd6 4. d4 Nf6 5. Nge2 Bg4 6. h3 Bxe2 7. Qxe2 Nc6
8. Be3 e6 9. O-O-O Be7 10. Qf3 O-O 11. Bf4 Qb4 12. a3 Qb6 13. d5 exd5 14. Nxd5
Nxd5 15. Rxd5 Nd4 16. Qe4 Bf6 17. Bd3 g6 18. Be5 Bxe5 19. Rxe5 c5 20. Rd1 Rad8
21. Bc4 Qf6 22. f4 b5 23. Bd5 a5 24. c3 Nf5 25. g4 Nd6 26. Qe3 Nc4 27. Bxc4
Rxd1+ 28. Kxd1 bxc4 29. Rxc5 Rd8+ 30. Kc1 Qd6 31. Qd4 Qe7 32. Qe5 Qb7 33. Qe2
Qh1+ 34. Kc2 Qxh3 35. Rxc4 Qg3 36. g5 Kf8 37. Kb3 Qg1 38. Qe5 Qd1+ 39. Ka2 Qd5
40. Qxd5 Rxd5 41. b4 f6 42. Rc5 Rd2+ 43. Kb3 axb4 44. axb4 fxg5 45. fxg5 Ke7
46. b5 Rd7 47. Kb4 Rb7 48. Ka5 Kd6 49. Rc6+ Kd7 50. c4 Rb8 51. c5 Re8 52. Rd6+
Kc7 53. b6+ Kc8 54. Rc6+ Kb8 55. Rc7 1-0

[Event "5MCR_4D_2L_1S"]
[Site "?"]
[Date "2002.??.??"]
[Round "?"]
[White "Gubas, Jan"]
[Black "Hrdy, Roman"]
[Result "1/2-1/2"]
[WhiteElo "2260"]
[BlackElo "2245"]
[PlyCount "111"]
[EventDate "2002.??.??"]
[EventType "corr"]
[SourceDate "2004.??.??"]

1. e4 c5 2. Nf3 d6 3. d4 cxd4 4. Nxd4 Nf6 5. Nc3 a6 6. Be2 Qc7 7. O-O Nc6 8.
Be3 e6 9. f4 Be7 10. Qe1 O-O 11. Qg3 Nxd4 12. Bxd4 b5 13. a3 Bb7 14. Rae1 Rad8
15. Kh1 g6 16. f5 e5 17. Be3 d5 18. Nxd5 Nxd5 19. exd5 Bxd5 20. Bh6 Rfe8 21.
Bd3 Bf8 22. Bxf8 Rxf8 23. Qxe5 Qc6 24. Qg3 Bc4 25. Bxc4 Qxc4 26. Qf2 Rfe8 27.
b3 Qd5 28. fxg6 hxg6 29. Qf6 Rxe1 30. Rxe1 Qd2 31. Rf1 Qd7 32. c4 bxc4 33. bxc4
a5 34. c5 Rc8 35. Qc3 a4 36. h3 Qd5 37. Rc1 Rc6 38. Re1 Rc8 39. Kh2 Qb3 40. Rc1
Rc6 41. Qd4 Qb8+ 42. Kh1 Qb5 43. Qb4 Qa6 44. Rc4 Qc8 45. Qc3 Qd8 46. Rb4 Rc8
47. Rf4 Rc6 48. Re4 Rc8 49. Kg1 Qd5 50. Rc4 Re8 51. Rh4 Re5 52. c6 Qc5+ 53.
Qxc5 Rxc5 54. Rxa4 Rxc6 55. Kh2 Kg7 56. Ra7 1/2-1/2

[Event "5MCR_4D_2L_1S"]
[Site "?"]
[Date "2002.??.??"]
[Round "?"]
[White "Gubas, Jan"]
[Black "Paganik, Pavel"]
[Result "1-0"]
[WhiteElo "2260"]
[BlackElo "2015"]
[PlyCount "95"]
[EventDate "2002.??.??"]
[EventType "corr"]
[SourceDate "2004.??.??"]

1. e4 c5 2. Nf3 d6 3. d4 cxd4 4. Nxd4 Nf6 5. Nc3 a6 6. Be2 e5 7. Nb3 Be7 8. O-O
O-O 9. Qd3 Nc6 10. Bg5 Be6 11. Rfd1 Ne8 12. Be3 Bg5 13. Nd5 Bxe3 14. Qxe3 f5
15. exf5 Bxf5 16. Rd2 Qh4 17. Rad1 Rb8 18. c4 Be6 19. Nb6 a5 20. a4 Qf4 21. Bf3
Kh8 22. Rc1 Qf7 23. Bd5 Nf6 24. f3 Rfe8 25. Rf1 Bxd5 26. cxd5 Ne7 27. Nxa5 Nf5
28. Qd3 Qg6 29. Nac4 Rbd8 30. Ne3 Nd4 31. Qxg6 hxg6 32. Nc2 Nb3 33. Rd3 Nc5 34.
Rc3 Ncd7 35. Nxd7 Rxd7 36. Ne3 g5 37. Rfc1 Kg8 38. a5 Kf7 39. b4 e4 40. Rc7
Rxc7 41. Rxc7+ Re7 42. Rxe7+ Kxe7 43. b5 Kd7 44. Kf2 exf3 45. Kxf3 g6 46. g3
Kc7 47. h4 g4+ 48. Kf4 1-0

[Event "5MCR_4D_2L_1S"]
[Site "?"]
[Date "2002.??.??"]
[Round "?"]
[White "Gubas, Jan"]
[Black "Pecka, Josef"]
[Result "1/2-1/2"]
[WhiteElo "2260"]
[BlackElo "2210"]
[PlyCount "75"]
[EventDate "2002.??.??"]
[EventType "corr"]
[SourceDate "2004.??.??"]

1. e4 e6 2. d4 d5 3. e5 c5 4. c3 Nc6 5. Nf3 Qb6 6. a3 a5 7. Bd3 Bd7 8. Bc2 Nge7
9. O-O Ng6 10. h4 cxd4 11. cxd4 Rc8 12. h5 Nge7 13. Nc3 g6 14. Na4 Qc7 15. Bg5
Nf5 16. Rc1 Rg8 17. Bd3 gxh5 18. Bxf5 exf5 19. Qb3 h6 20. Bd2 Qd8 21. Nb6 Rb8
22. Rfe1 Be6 23. Qb5 Be7 24. Bxh6 Rg6 25. Bd2 Kf8 26. Kh1 Kg7 27. Rc3 h4 28.
Bf4 Rg4 29. g3 Na7 30. Qb3 Nc6 31. Na4 b5 32. Rxc6 bxa4 33. Qc2 Rb3 34. Rc3 Qb6
35. Rxb3 axb3 36. Qd2 hxg3 37. fxg3 Kg8 38. Kg2 1/2-1/2

[Event "5MCR_4D_2L_1S"]
[Site "?"]
[Date "2002.??.??"]
[Round "?"]
[White "Gubas, Jan"]
[Black "Vosahlik, Jiri"]
[Result "1/2-1/2"]
[WhiteElo "2260"]
[BlackElo "2320"]
[PlyCount "45"]
[EventDate "2002.??.??"]
[EventType "corr"]
[SourceDate "2004.??.??"]

1. e4 e6 2. d4 d5 3. e5 c5 4. c3 Nc6 5. Nf3 Bd7 6. Be2 Nge7 7. O-O Ng6 8. a3
Be7 9. b4 c4 10. a4 O-O 11. Re1 Qc7 12. g3 f6 13. exf6 Rxf6 14. b5 Na5 15. Bg5
Rxf3 16. Bxe7 Rf7 17. Ba3 Nb3 18. Ra2 a6 19. Bg4 Qb6 20. Rae2 Rf6 21. Nd2 Nxd2
22. Bc5 Qa5 23. Qxd2 1/2-1/2

[Event "5MCR_4D_2L_1S"]
[Site "?"]
[Date "2002.??.??"]
[Round "?"]
[White "Hrdy, Roman"]
[Black "Barta, Tomas"]
[Result "1-0"]
[WhiteElo "2245"]
[BlackElo "1835"]
[PlyCount "125"]
[EventDate "2002.??.??"]
[EventType "corr"]
[SourceDate "2004.??.??"]

1. e4 c5 2. Nf3 Nc6 3. d4 cxd4 4. Nxd4 g6 5. c4 Bg7 6. Be3 Nf6 7. Nc3 Ng4 8.
Qxg4 Nxd4 9. Qd1 Ne6 10. Qd2 Qa5 11. Rc1 d6 12. Be2 Bd7 13. O-O Nc5 14. Bh6
Bxc3 15. Rxc3 Rg8 16. Qe3 Ne6 17. f4 Qxa2 18. f5 gxf5 19. exf5 Nc5 20. Bg5
O-O-O 21. Bxe7 Rde8 22. Ra3 Bc6 23. g3 Qxb2 24. f6 a6 25. Bf3 Bxf3 26. Qxf3 Rg5
27. Rd1 Re5 28. Re3 Rxe3 29. Qxe3 Qb6 30. Qf2 h6 31. Rxd6 Qb1+ 32. Qf1 Qxf1+
33. Kxf1 Rg8 34. Ke2 Nd7 35. Rd4 Rg5 36. Ke3 Re5+ 37. Re4 b6 38. g4 Ra5 39. h4
Ra1 40. Kf2 Rh1 41. h5 Rd1 42. g5 hxg5 43. Kg2 Rd2+ 44. Kg3 Rd1 45. Kg4 Rg1+
46. Kf5 a5 47. h6 Kc7 48. Rh4 gxh4 49. h7 Rf1+ 50. Kg5 Rg1+ 51. Kh5 h3 52. h8=Q
Kb7 53. Bd6 Rg8 54. Qh6 Ka6 55. Kh4 Rc8 56. Qg5 Rxc4+ 57. Kxh3 Rd4 58. Be7 Rd3+
59. Kg2 b5 60. Qh5 Rd2+ 61. Kg3 Rd3+ 62. Kf4 a4 63. Qxf7 1-0

[Event "5MCR_4D_2L_1S"]
[Site "?"]
[Date "2002.??.??"]
[Round "?"]
[White "Hrdy, Roman"]
[Black "Kropik, Jan"]
[Result "1-0"]
[WhiteElo "2245"]
[BlackElo "2120"]
[PlyCount "115"]
[EventDate "2002.??.??"]
[EventType "corr"]
[SourceDate "2004.??.??"]

1. e4 c5 2. Nf3 d6 3. d4 cxd4 4. Nxd4 Nf6 5. Nc3 a6 6. Be3 Nc6 7. h3 Qc7 8. g4
Nxd4 9. Qxd4 e5 10. Qd2 Be6 11. Bg2 Be7 12. f4 Rc8 13. f5 Bc4 14. g5 Nd7 15.
O-O-O b5 16. Kb1 b4 17. Nd5 Bxd5 18. exd5 Nb6 19. Qd3 Nc4 20. Bc1 Nb6 21. f6
gxf6 22. h4 Nd7 23. Bh3 a5 24. gxf6 Bf8 25. Qb5 Ra8 26. Be3 Kd8 27. Qc6 Rb8 28.
Bxd7 Qxd7 29. Bb6+ Ke8 30. Bxa5 Qxc6 31. dxc6 Rc8 32. Rhe1 Rg8 33. c7 Rg4 34.
Rxe5+ Kd7 35. Rh5 h6 36. Rf1 Rc4 37. b3 Rc5 38. Rff5 Ke6 39. Rxc5 dxc5 40. Bb6
Bd6 41. Bxc5 Rxc7 42. Bxd6 Kxd6 43. Rxh6 Ke6 44. Kb2 Rc8 45. Rh5 Rg8 46. Rc5
Kxf6 47. Rc4 Rb8 48. c3 bxc3+ 49. Kxc3 Ke5 50. a4 f5 51. b4 Rd8 52. a5 f4 53.
b5 f3 54. Rb4 f2 55. Rb1 Rf8 56. Rf1 Rf3+ 57. Kd2 Kd4 58. b6 1-0